| 000 | 00729cab a22002175a 4500 | ||
|---|---|---|---|
| 001 | L154495 | ||
| 008 | 111215e20111111xxkd f s 000 0 eng d | ||
| 035 | _a(Sirsi) u154495 | ||
| 041 | 0 | _aeng | |
| 245 | 0 | 4 | _aThe ghosts of Libya |
| 260 | _c2011 | ||
| 490 |
_aBuilding _v276 (8707) 9 December 2011, 46-47(2) |
||
| 520 | _aSummary of the legal situation in Libya law following the recent upheaval, Libyan civil code of 1953, force majeure, negotiating contracts, arbitration, Shari'a, legal system. | ||
| 590 | _aKA | ||
| 651 | 4 | _aLibya | |
| 651 | 4 | _aMENEA | |
| 690 | _aBUILT ENVIRONMENT-CONSTRUCTION MANAGEMENT | ||
| 690 | _aMANAGEMENT | ||
| 690 | _aMANAGEMENT-BUSINESS MANAGEMENT-PROFESSIONAL PRACTICE | ||
| 942 | _n0 | ||
| 999 |
_c83643 _d83643 |
||